| 000 | 00601nam a2200193Ia 4500 | ||
|---|---|---|---|
| 008 | 220216s9999 xx 000 0 und d | ||
| 100 | _aTan D | ||
| 245 | 0 | _aHistochemical and immunohistochemical identification of laticifer cells in callus cultures derived from anthers of Hevea brasiliensis | |
| 260 | _bIRRDB International Rubber Conference 14-17 December 2011, Chiang | ||
| 650 | _aCallus | ||
| 650 | _aHevea brasiliensis | ||
| 650 | _aHistochemistry | ||
| 650 | _aImmunohistochemistry | ||
| 650 | _aLatex | ||
| 650 | _aLaticifer | ||
| 700 | _aSun Z | ||
| 700 | _aZhang J | ||
| 942 | _cJS | ||
| 999 |
_c60444 _d60444 |
||